Statistiques concernant Culture Générale - Série 1268

Cliquez ici pour prendre le quiz!

Statistiques générales

  • Ce quiz a été pris 41 fois
  • Le résultat moyen est 5 sur 10

Statistiques - réponses

QuestionRéponse% Correct
De quel continent est originaire le puma ?Amérique
100%
A quel architecte paysagiste, prénommé André, doit-on la création des jardins de Vaux-le-Vicomte ?André Le Nôtre
69%
Sous le règne de quel pharaon les temples d'Abou-Simbel ont-ils été construits ?Ramsès II
62%
Dans quel sport nautique l'Australien Mike Fanning est-il devenu champion du monde, en 2009 ?surf
62%
Dans quel pays peut-on admirer le Mont Parnasse ?Grèce
51%
De quel instrument, autrefois appelé busine, peut-on modifier le son grâce à une sourdine “oua-oua” ?trompette
49%
À quel artiste doit-on la sculpture surréaliste “Vénus de Milo aux tiroirs” ?Salvador Dali
31%
En l'honneur de quel empereur une colonne fut-elle érigée à Rome, en 113 ?Trajan
26%
Quel adjectif qualifie une fleur qui possède à la fois des étamines et un pistil ?hermaphrodite
15%
Comment s'intitule le deuxième album de Nolwenn Leroy, sorti en 2005 ?Histoires naturelles
3%

Distribution des résultats

Percentile par nombre de réponses

% des personnes avec chaque résultat

Votre développement - résultats

Vous n’avez pas pris ce quiz